000 00637nam a2200241Ia 4500
003 OSt
005 20221005122936.0
006 a|||||r|||| 00| 0
007 ta
008 221004b |||||||| |||| 00| 0 mal d
024 _a55294
037 _cTextual
040 _aCRL
_cCRL
_bmal
041 _2mal
_amal
082 _aO32,1N062w, L5
100 _aNair Kunhiraman Au.
_9627860
245 0 _aKaviyude kalpadukal
260 _c1975
650 _a MALAYALAM POETRY
_9185636
650 _aMALAYALAM LITERATURE
_938866
942 _hO32,1N062w, L5
_cTEXL
_2cc
999 _c1045850
_d1045850